Lenguaje y cine /

Estudio sobre el lenguaje cinematográfico y el hecho fiólmico a partir de la semiología. El autor demuestra que el problema de la significación en el cine no puede tratarse con una concepción del lenguaje como un sistema de signos sino que es importante ampliar los límites de análisis. Así, el autor...

Deskribapen osoa

Gorde:
Xehetasun bibliografikoak
Egile nagusia: Metz, Christian (autor)
Beste egile batzuk: Urrutia, Jorge (traducción) (traducción)
Formatua: Liburua
Hizkuntza:gaztelania
Argitaratua: Barcelona, España : Planeta, 1973, c1973
Saila:(Ensayos Planeta de Historia y Humanidades)
Gaiak:
Etiketak: Etiketa erantsi
Etiketarik gabe, Izan zaitez lehena erregistro honi etiketa jartzen!

MARC

LEADER 00000nam^a2200000^a^4500
001 000184517
005 20250521000000.0
009 20260310102119.451
020 |a 84-320-7810-7 
037 |a Acervo ITESO - Biblioteca 
041 |a ESP 
082 |a 302. 23501  |b MET 
100 |a Metz, Christian  |e (autor) 
245 1 0 |a Lenguaje y cine /  |c C. Metz ; tr. e introd. de J. Urrutia. 
264 4 |a Barcelona, España :  |b Planeta,  |c 1973, c1973 
300 |a 349 p. 
336 |a texto  |b txt  |2 rdacontenido 
337 |a sin mediación  |b n  |2 rdamedio 
338 |a volumen  |b nc  |2 rdasoporte 
440 1 |a (Ensayos Planeta de Historia y Humanidades) 
500 |a Traducción de: Langage et cinéma 
520 |a Estudio sobre el lenguaje cinematográfico y el hecho fiólmico a partir de la semiología. El autor demuestra que el problema de la significación en el cine no puede tratarse con una concepción del lenguaje como un sistema de signos sino que es importante ampliar los límites de análisis. Así, el autor distingue entre lo fílmico y lo cinematográfico y aborda la pluralildad de códigos en un sólo lenguaje, el cinematográfico. 
649 |a XX 
650 |a Imagen 
650 |a Signo 
650 |a Significante 
650 |a Significado 
650 |a Sintagma 
650 |a Representación (Cine) 
650 |a Competencia Comunicativa 
650 |a Estructura (Lenguaje Cinematográfico) 
650 |a Recepción y Apropiación de la Comunicación 
650 |a Lenguaje Cinematográfico 
650 |a Lenguaje y Lenguas 
650 |a Semiótica y Comunicación 
650 |a Cine 
650 |a Medios Audiovisuales 
650 |a Medios de Comunicación 
650 |a Comunicación Visual 
650 |a Comunicación Masiva 
700 |a Urrutia, Jorge  |e (traducción) 
910 |a Fondo General 
920 |a Impresos - Libros 
930 |a Colección General 
905 |a 101 
901 |a 0500125435  |b IT1  |c ACC  |u 20250521 
902 |a https://opac.biblio.iteso.mx/vufind/Record/000184517